000 00662nam a2200229Ia 4500
003 GCL
008 140319s9999 xx 000 0 ara d
040 _aGCL /
_cGCL
082 0 4 _a641.8
_bو م
100 1 _aوفاء حمود
245 1 0 _aمختارات شهية من المطبخ التركى /
_cوفاء حمود
700 1 _aفاطمة المغربى
700 1 _aنهدية الزيباوى
300 _a128 ص
490 _aموسوعة عالم الطبخ
_v0
650 0 4 _aتركيا
650 0 4 _aالاقتصاد المنزلى
650 0 4 _aالطبخ
650 0 4 _aالطهى
650 0 4 _aالطهى التركى
942 _2ddc
_cBK
999 _c43469
_d43469